Score 0/26 Timer 05:00
0 Plays Today
Woodstock Stuff Missing % Correct
Thousands escaped the heat by going skinny-_______ in Filippini PondDipping
95.1%
Creedence __________ Revival was the first big-name act to sign upClearwater
94.1%
The term '_____' was used by the media to describe any of the long-haired, bead-wearing youth attendingHippie
92%
The ________ Dead's performance of 'Turn on Your Love Light' was a brief 48-minute jamGrateful
91.2%
*The festival took place August 15 thru 18, in the year _____1969
89.5%
Legendary film-maker ______ Scorsese was one of the editors of the Academy Award-winning documentaryMartin
89.5%
The English band Ten Years After cranked out '__ Going Home'I'm
87.7%
NY Governor Rockefeller was talked out of ordering in 10,000 U.S. ________ Guard troopsNational
86.8%
____ Mitchell wrote the song 'Woodstock' to commemorate the event, though she had not attendedJoni
86.7%
Led ________ passed on the festival -- their manager didn't want them to be 'just another band on the bill'Zeppelin
83%
Joan Baez sang the song associated with the Civil Rights movement, 'We Shall _________'Overcome
82%
The ___'s set was interrupted by Abbie Hoffman at the conclusion of 'Pinball Wizard'Who
79.9%
Officially, 'The Woodstock Music and ___ Fair'Art
77.3%
Woodstock Stuff Missing % Correct
'Avoid the brown acid...' was announced... but there was still plenty of 'Orange Sunshine', aka ___.LSD
74%
Ravi Shankar performed on the instrument he is known for, a _____Sitar
73.7%
Canned Heat sang their flute-laden “Going __ the Country” (baby, don't you wanna go?)Up
66.4%
Referring to the clogged highway, Arlo Guthrie announced 'New York State ________ is closed, man!'Thruway
56.7%
Folk singer _______ Havens opened the festival because the first-scheduled act, Sweetwater, was lateRichie
54.6%
The poster advertised 'Three Days of _____ and Music'Peace
47.8%
Jimi Hendrix performed '_______ Child (Slight Return)', but his 'Star Spangled Banner' on electric guitar easily produced the most feedbackVoodoo
46.5%
_____, (aptly named since they 'penned' their own songs) took the stage after the torrential rainsQuill
43.9%
The festival was held on Max _______'s dairy farmYasgur
20.5%
It took place in the town of ______, New YorkBethel
18%
Country Joe McDonald asked 'What's that spell?' five times during his OTHER version of 'The ____ Cheer'Fish
14.3%
Janis Joplin belted out her blues, with her new backing group 'The ______ Blues Band'Kozmic
9.6%
The poster called the event 'An Aquarian ___________'Exposition
7.9%

Today's Daily Dose

Remove Ads.
Support Sporcle.
Get the best of Sporcle when you Go Orange. This ad-free experience offers more features, more stats, and more fun while also helping to support Sporcle. Thank you for becoming a member.

You're not logged in!

Compare scores with friends on all Sporcle quizzes.
OR
Log In

Show Comments

Extras

Top Quizzes Today


Score Distribution

Your Account Isn't Verified!

In order to create a playlist on Sporcle, you need to verify the email address you used during registration. Go to your Sporcle Settings to finish the process.

Report this User

Report this user for behavior that violates our Community Guidelines.

Details: